Deseo /

Guardado en:
Autor Principal: Jelinek, Elfriede
Otros Autores: Fortea, Carlos, trad.
Formato: Libro
Publicado: Buenos Aires : Destino
Series:Ancora y Delfín
Materias:
Etiquetas: Agregar Etiqueta
Sin Etiquetas, Sea el primero en etiquetar este registro!
LEADER 00651nam a22002295a 4500
001 CEM.cems011748
005 20090312140225.0
008 130507b######################000#0#####d
003 CEMS
020 |a 9507320660 
082 0 4 |a 891.843 
100 1 |a Jelinek, Elfriede 
245 1 0 |a Deseo /  |c Elfriede Jelinek ; traducido Por Carlos Fortea 
260 |a Buenos Aires :  |b Destino 
300 |a 232 p. 
490 0 |a Ancora y Delfín 
653 |a Literatura 
653 |a Literatura austriaca-siglo xxi 
653 |a Novelas 
653 |a Novela austriaca 
700 1 |a Fortea, Carlos, trad. 
859 |a CEMS  |b BIB. CEMS - 11 de abril  |h 891.843  |i J391  |p 22681.04  |t Ej.1